| 000 | 00968nam a2200289 4500 | ||
|---|---|---|---|
| 001 | 12661 | ||
| 003 | UkOxU | ||
| 005 | 20211208235332.0 | ||
| 008 | 140129s19591952ck a 001 0 eng d | ||
| 035 | _a(BD-RjUL)12711 | ||
| 040 |
_aBD-RjUL _beng _cBD-RjUL |
||
| 041 | _aeng | ||
| 082 |
_a620 _bSAN 1959 |
||
| 100 | 1 |
_aSalvadori, Mario, _d1907-1997 _939420 |
|
| 245 | 1 | 0 |
_aNumerical methods in engineering / _cMario G. Salvadori and Melvin L. Baron. |
| 260 |
_aEnglewood Cliffs, N.J : _bPrentice-Hall, _cc1952 [1959]. |
||
| 300 |
_axii, 258 p. : _bill. ; _c24 cm. |
||
| 490 | 1 | _aPrentice-Hall civil engineering and engineering mechanics series | |
| 504 | _aIncludes index. | ||
| 650 | 0 |
_aEngineering _vTables. _939421 |
|
| 650 | 0 |
_aNumerical calculations. _919279 |
|
| 700 | 1 |
_aBaron, Melvin L. _939422 |
|
| 830 | 0 |
_aPrentice-Hall civil engineering and engineering mechanics series _940874 |
|
| 942 |
_2ddc _cBK |
||
| 999 |
_c12661 _d12661 |
||